| 000 | 003600000a22001570004500 | ||
|---|---|---|---|
| 001 | 004864 | ||
| 003 | MACL | ||
| 040 | _aMACL | ||
| 090 |
_c16857 _d16856 |
||
| 100 | _aGeorge, M.K. | ||
| 245 |
_aMother Teresa _bAn Apostle Love _cM.K. George |
||
| 260 |
_aIndian Publishers and Distributors, _c1998 |
||
| 350 | _a300 | ||
| 650 | _aBiography | ||
| 942 |
_k924 _cBook |
||
| 999 |
_c16747 _d16747 |
||